000 00641nam a2200205 a 4500
005 20231128063923.0
008 991125m19881995mx 000 0 spa u
020 _a9681628012
035 _aUPN01000003099
049 _aCG
050 4 _aF1219.7
_bD2.28
100 1 _aDavies, Nigel
245 1 4 _aLos antiguos reinos de México /
_cNigel Davies ; tr. Roberto Ramón Reyes Mazzoni.
260 _aMéxico :
_bFCE,
_c1988 (1995 impr.).
300 _a248 p. :
_bil.
440 0 _aSección de obras de antropología
650 4 _aIndígenas de México
_xAntigüedades
_94692
650 4 _aIndígenas de México
_xHistoria
_912765
905 _aLibro
999 _c3099
_d3099